| 000 | 00953cab a2200181 4500 | ||
|---|---|---|---|
| 001 | ##L134042 | ||
| 008 | 060704n2006 000 0 eng u | ||
| 035 | _a(Sirsi) u134042 | ||
| 041 | 0 | _aeng | |
| 100 | 1 | _aRawlinson, Simon | |
| 245 | 0 | 0 |
_aSustainability _bgreen roofs |
| 260 | _c2006 | ||
| 490 | 0 |
_aBuilding _v271(8437) 30 June 2006, 70-73(4) |
|
| 520 | _aFeature on green roofs. Introduces the planning context for green roofs (often the redevelopment of urban brownfield sites) and outlines green roof components and technologies, including the indicative thickness for roof layers. Suggests that key benefits of green roofs cover sustainable drainage, microclimate, biodiversity, building performance and aesthetics. Lists cost drivers and provides indicative costs of a green roof with areas ranging from 100 to 1000 m2. | ||
| 590 | _aIKA040706 | ||
| 690 | _aBUILT ENVIRONMENT-BUILDING ELEMENTS-COMPLETE BUILDING ELEMENTS-ROOFS | ||
| 942 | _n0 | ||
| 999 |
_c77341 _d77341 |
||